000
00281nam a22001217a 4500
008
170221b xxu||||| |||| 00| 0 eng d
041
_a
eng
080
_2
4ED
_a
615
100
_a
5
101
_a
SHF
245
_a
VETERINARY PHARMACOLOGY AND THERAPEUTICS
_c
JONES.L.M
942
_2
udc
_c
BK
999
_c
5995
_d
5995